Vista normal
Vista MARC
Entrada Personal Name
Número de registros utilizados en: 1
001 - CONTROL NUMBER
- control field: 24238
003 - CONTROL NUMBER IDENTIFIER
- control field: OSt
005 - DATE AND TIME OF LATEST TRANSACTION
- control field: 20230915231108.0
008 - FIXED-LENGTH DATA ELEMENTS
- fixed length control field: 230915|| aca||aabn | a|a d
040 ## - CATALOGING SOURCE
- Original cataloging agency: OSt
- Transcribing agency: OSt
100 ## - HEADING--PERSONAL NAME
- Personal name: International commission on microbiological specifications for foods
670 ## - SOURCE DATA FOUND
- Source citation: Work cat.: (OSt)26692: International commission on microbiological specifications for foods, , Ecología Microbiana de los alimentos (Vol 1). Factores que afectan a la supervivencia de los microorganismos en los alimentos, Acribia